| 000 | 00570nam a2200193Ia 4500 | ||
|---|---|---|---|
| 001 | 22900 | ||
| 003 | GE_BSU | ||
| 008 | 181216s||||||||xx |||||||||||||| ||und|| | ||
| 040 | _cGE_BSU | ||
| 245 | _aВопросы Культурологии, №7. 2018 | ||
| 245 | _cГл. ред. Агошков Андрей Валерьевич | ||
| 260 | _aМосква | ||
| 260 | _c2018 | ||
| 300 | _a85 стр. 26см. | ||
| 653 | _aВопросы Культурологии, №7. 2018 | ||
| 653 | _aПериодика | ||
| 653 | _aპერიოდიკა | ||
| 942 | _cCR | ||
| 999 |
_c55803 _d55803 |
||